000
00192nam a2200097Ia 4500
008
240331s9999 xx 000 0 und d
082
_b
IQB
100
_a
Iqbal,A
245
0
_a
Viththu
942
_c
L
999
_c
4710
_d
4710